Santuario /

Guardado en:
Autor Principal: Faulkner, William
Formato: Libro
Publicado: Buenos Aires : Hyspamérica, 1983
Series:Serie: los premios Nobel
Materias:
Etiquetas: Agregar Etiqueta
Sin Etiquetas, Sea el primero en etiquetar este registro!
LEADER 00658nam a22002175a 4500
001 CEM.cems015047
005 20190910062005.0
008 130507s1983##################000#0#####d
003 CEMS
020 |a 8449963710 
082 0 4 |a 813.5 
100 1 |a Faulkner, William 
245 1 0 |a Santuario /  |c Faulkner, William 
260 |a Buenos Aires :  |b Hyspamérica,  |c 1983 
300 |a 334 p. 
490 0 |a Serie: los premios Nobel 
500 |a Título del original : Sanctuary Traducción de José Luis López Muñoz 
653 |a Literatura 
653 |a Literatura norteamericana 
653 |a Novela 
859 |a CEMS  |b BIB. CEMS - 11 de abril  |h 813.5  |i F273-3  |p 28057.19  |t Ej.1